Statistics for Every Liverpool Transfer Under Jurgen Klopp

Click here to take the quiz!

General Stats

  • This quiz has been taken 79 times
  • The average score is 23 of 28

Answer Stats

WindowNat.Pos.Fee (€ Mil)Player% Correct
Winter ❄️🇳🇱DEF84.65Virgil van Dijk
100%
Summer☀️🇧🇷GK62.50Alisson Becker
99%
Summer☀️🇪🇬FWD42.00Mohamed Salah
99%
Summer☀️🇸🇳FWD41.20Sadio Mané
99%
Summer☀️🇦🇷MID42.00Alexis Mac Allister
96%
Summer☀️🇺🇾FWD85.00Darwin Núñez
96%
Summer☀️🇫🇷DEF40.00Ibrahima Konaté
96%
Winter ❄️🇳🇱FWD42.00Cody Gakpo
94%
Summer☀️🇵🇹FWD44.70Diogo Jota
94%
Summer☀️🇯🇵MID20.00Wataru Endo
94%
Winter ❄️🇨🇴FWD47.00Luis Díaz
93%
Summer☀️🇭🇺MID70.00Dominik Szobozslai
88%
Summer☀️🇧🇷MID45.00Fabinho Tavares
88%
Summer☀️🇪🇸MID22.00Thiago Alcantara
88%
Summer☀️🏴󠁧󠁢󠁳󠁣󠁴󠁿DEF9.00Andrew Robertson
83%
Summer☀️🇳🇱MID27.50Georginio Wijnaldum
83%
Summer☀️🇩🇪GK6.20Loris Karius
83%
Summer☀️🇬🇳MID60.00Naby Keïta
83%
Summer☀️🇳🇱MID40.00Ryan Gravenberch
83%
Summer☀️🇬🇷DEF13.00Konstantinos Tsimikas
81%
Summer☀️🇨🇭FWD14.70Xherdan Shaqiri
76%
Winter ❄️🇯🇵FWD8.50Takumi Minamino
72%
Summer☀️🏴󠁧󠁢󠁥󠁮󠁧󠁿MID38.00Alex Oxlade-Chamberlain
67%
Summer☀️🇵🇹MID5.90Fábio Carvalho
60%
Summer☀️🇪🇪DEF5.00Ragnar Klavan
57%
Winter ❄️🇷🇸MID7.00Marko Grujic
44%
Summer☀️🇳🇱DEF1.90Sepp van den Berg
44%
Summer☀️🏴󠁧󠁢󠁳󠁣󠁴󠁿DEF4.90Calvin Ramsay
38%

Score Distribution

Percentile by Number Answered

Percent of People with Each Score

Your Score History

You have not taken this quiz